000 00386nam a22001577a 4500
005 20170409144210.0
008 170409b xxu||||| |||| 00| 0 eng d
020 _a81-900392-2-9
041 _aeng
100 _aYAWAIKAR, K.S., AGARWAL, J.P. AND BOKADE, S.
_93850
245 _aMANURES AND FERTILISERS
250 _a12TH, 2016
260 _aNAGPUR
_bAPH
300 _a366
942 _cBK
999 _c5447
_d5445